| 000 | 00519nam a2200193 a 4500 | ||
|---|---|---|---|
| 001 | 1986 | ||
| 005 | 20140414131908.0 | ||
| 008 | 040111s19uu xx 00 eng d | ||
| 020 | _a2-89429-697-5 | ||
| 050 |
_aER _bB98 1995 |
||
| 245 |
_aBeauty and the beast / _cIllustrations by Zapp. |
||
| 260 |
_aMontreal, Canada : _bTormont, _c1995. |
||
| 300 | _a28 p. : ill. ; cm. | ||
| 440 | _aStorytime Classics Collection | ||
| 650 | _aFairy tales. | ||
| 650 | _aChildren stories. | ||
| 999 |
_c111076 _d111076 |
||